00899nam a22001697a 450000500170000000800410001705000310005810000190008924501580010826000340026630000180030050000400031865001680035894200130052699900190053995201710055820250820151306.0250820b |||||||| |||| 00| 0 eng d aTHE HG 1615 .K56 2015bC.1 aKimoi, Anthony aAssessment of Credit Risk Managemnt Practices on Organizational Performance: a Survey of Savings and Credit Co-operative Societies in Eldoret Town, Kenya aKisiibKisii Universityc2015 axv, 82p.:ill. aIncludes bibliographical references a1. Credit risk—Kenya—Eldoret. 2. Risk management—Kenya. 3. Savings and credit cooperatives—Kenya—Eldoret. 4. Cooperative societies—Kenya—Performance. 2lcccREF c216046d216046 00102lcc406THE H G1615 K56 02015708SC9372872aKSULbKSULd2025-08-20i108050l0oTHE HG 1615 .K56 2015p000000024829r2025-08-20 15:14:14tC.1w2025-08-20yREF